000 00983nam a22002177a 4500
999 _c58219
_d58219
003 Ge_BSU
005 20210920120856.0
008 210920s2009 ge ||||| |||| 00| 0 geo d
020 _a9788776886882
041 _ageo
080 _a159.922 ჰ-13
100 _aჰაბარდი, ლ. რონ
_912481
245 _aდიანეტიკა : მეცნიერების ევოლუცია /
_cლ. რონ ჰაბარდი ; ლ. რონ ჰაბარდის ბ-კა.
264 _aSmedeland
_bNew-Era,
_c2002.
300 _a201 გვ. :
_bილ. ;
_c17სმ.
440 _aნომერ პირველი საერთაშორისო ბესტსელერის - დიანეტიკის ავტორი
_912480
501 _aინდექსები: გვ. 171-195
653 _aდიანეტიკა
653 _aმეცნიერების ევოლუცია
942 _2udc
_cBK